[Event "Leiden LCT op-A 7th"]
[Site "Leiden"]
[Date "2013.07.18"]
[Round "6"]
[White "Tinga, Tjerk"]
[Black "Kubbenga, Michael"]
[Result "1-0"]
[WhiteElo "2026"]
[BlackElo "1955"]
[PlyCount "65"]
[EventDate "2013.07.12"]
[EventType "swiss"]
[EventRounds "9"]
[EventCountry "NED"]
[SourceTitle "CBM 155 Extra"]
[Source "ChessBase"]
[SourceDate "2013.08.26"]
[SourceVersion "1"]
[SourceVersionDate "2013.08.26"]
[SourceQuality "1"]

1. d4 Nf6 2. Nc3 d5 3. Bg5 e6 4. e4 h6 5. Bxf6 gxf6 6. exd5 exd5 7. Qf3 Be6 8. Nge2 Nc6 9. a3 f5 10. g3 Bg7 11. 0-0-0 Qg5+ 12. Kb1 Qg4 13. Qd3 0-0-0 14. h4 Bf6 15. Bh3 Qg7 16. Na4 Rd6 17. Nc5 Nd8 18. Nf4 Re8 19. Bxf5 b6 20. Ncxe6 fxe6 21. Bg6 Rg8 22. h5 Kb8 23. Rhe1 e5 24. dxe5 Bxe5 25. Qb3 Bxf4 26. gxf4 Ne6 27. f5 Nc5 28. Qe3 Na4 29. Qe5 Qd7 30. Be8 Rxe8 31. Qxe8+ Kb7 32. Qxd7 Rxd7 33. Re6 1-0

[Event "Leiden LCT op-A 7th"]
[Site "Leiden"]
[Date "2013.07.14"]
[Round "3"]
[White "Koes, Richard"]
[Black "Tinga, Tjerk"]
[Result "0-1"]
[WhiteElo "1919"]
[BlackElo "2026"]
[PlyCount "92"]
[EventDate "2013.07.12"]
[EventType "swiss"]
[EventRounds "9"]
[EventCountry "NED"]
[SourceTitle "CBM 155 Extra"]
[Source "ChessBase"]
[SourceDate "2013.08.26"]
[SourceVersion "1"]
[SourceVersionDate "2013.08.26"]
[SourceQuality "1"]

1. e4 e5 2. Nf3 Nc6 3. d4 exd4 4. Nxd4 Nf6 5. Nxc6 bxc6 6. e5 Qe7 7. Qe2 Nd5 8. c4 Ba6 9. b3 Qh4 10. a3 Nf4 11. Qe4 Ng6 12. Qxh4 Nxh4 13. Nd2 Be7 14. g3 Ng6 15. Bb2 0-0 16. Bg2 Rad8 17. 0-0 f6 18. f4 fxe5 19. fxe5 Rb8 20. Rxf8+ Nxf8 21. Bd4 c5 22. Be3 Ng6 23. Bd5+ Kh8 24. e6 d6 25. Rf1 Bf6 26. Be4 Re8 27. Bd5 Bc8 28. Ne4 Bxe6 29. Nxf6 gxf6 30. Bd2 Bxd5 31. cxd5 Kg7 32. Bc3 Ne5 33. h3 Re7 34. Kg2 Kg6 35. g4 Re8 36. Kg3 Rb8 37. b4 cxb4 38. axb4 Rb5 39. Rd1 a5 40. bxa5 Rb3 41. Rc1 Nd3 42. Ra1 Rxc3 43. a6 Nb4+ 44. Kh4 Nxd5 45. a7 Nb6 46. Ra6 Na8 0-1

[Event "Maarssen OKU op-A"]
[Site "Maarssen"]
[Date "2013.06.01"]
[Round "2"]
[White "Tinga, Tjerk"]
[Black "Schenning, Albert AM"]
[Result "1-0"]
[WhiteElo "2008"]
[BlackElo "2015"]
[PlyCount "105"]
[EventDate "2013.05.31"]
[EventType "swiss"]
[EventRounds "6"]
[EventCountry "NED"]
[SourceTitle "CBM 154 Extra"]
[Source "ChessBase"]
[SourceDate "2013.06.25"]
[SourceVersion "2"]
[SourceVersionDate "2013.06.25"]
[SourceQuality "1"]

1. d4 Nf6 2. Nc3 d5 3. Bg5 c6 4. Qd3 Qa5 5. Bxf6 exf6 6. e4 dxe4 7. Qxe4+ Be6 8. Bc4 Bb4 9. Nge2 Qf5 10. Qxf5 Bxf5 11. 0-0-0 0-0 12. d5 Bxc3 13. Nxc3 cxd5 14. Nxd5 Nc6 15. Bb5 Be4 16. f3 Bxd5 17. Rxd5 Ne5 18. f4 Ng6 19. g3 Rfd8 20. Rhd1 Rxd5 21. Rxd5 a6 22. Bc4 Rc8 23. Bd3 Nf8 24. Rd6 Rc7 25. Rd8 Re7 26. Kd2 g6 27. c4 Kg7 28. b4 Ne6 29. Rd6 Kf8 30. a4 Ke8 31. c5 Rd7 32. Rxd7 Kxd7 33. Kc3 a5 34. Be4 Kc7 35. Bd5 axb4+ 36. Kxb4 Nd8 37. Kb5 h5 38. h3 Ne6 39. Kc4 Nd8 40. Bf3 Nc6 41. Bd5 Nd8 42. Be4 Ne6 43. Bf3 Ng7 44. Kd5 Nf5 45. g4 hxg4 46. hxg4 Ne7+ 47. Kc4 Nc6 48. Bxc6 Kxc6 49. a5 Kd7 50. Kd5 Kc7 51. g5 fxg5 52. fxg5 Kd7 53. Ke5 1-0

[Event "Maarssen OKU op-A"]
[Site "Maarssen"]
[Date "2013.05.31"]
[Round "1"]
[White "Fluit, Johnny"]
[Black "Tinga, Tjerk"]
[Result "1-0"]
[WhiteElo "2123"]
[BlackElo "2008"]
[PlyCount "71"]
[EventDate "2013.05.31"]
[EventType "swiss"]
[EventRounds "6"]
[EventCountry "NED"]
[SourceTitle "CBM 154 Extra"]
[Source "ChessBase"]
[SourceDate "2013.06.25"]
[SourceVersion "2"]
[SourceVersionDate "2013.06.25"]
[SourceQuality "1"]

1. d4 Nf6 2. Bg5 d5 3. Bxf6 exf6 4. e3 Bd6 5. c4 c6 6. cxd5 Bb4+ 7. Nc3 Qxd5 8. Nf3 Nd7 9. Bd3 0-0 10. 0-0 Qa5 11. Ne2 Qc7 12. Ng3 Nb6 13. Rc1 Be6 14. e4 Qd7 15. e5 Nd5 16. Ne4 f5 17. Nc5 Bxc5 18. Rxc5 Nb4 19. Bb1 b6 20. Rc3 Nxa2 21. Bxa2 Bxa2 22. b3 a5 23. Qc2 Bxb3 24. Qxb3 b5 25. Rfc1 Rfc8 26. Rc5 a4 27. Qb4 a3 28. Qb3 a2 29. Ra1 Qe6 30. Qxe6 fxe6 31. Rc2 b4 32. Rcxa2 Rab8 33. Rc1 Rb5 34. Kf1 b3 35. Rb2 Ra8 36. Rcb1 1-0

[Event "Delft Prinsenstad op-B"]
[Site "Delft"]
[Date "2012.04.07"]
[Round "4"]
[White "Tinga, Tjerk"]
[Black "Van der Togt, Twan"]
[Result "1/2-1/2"]
[WhiteElo "1810"]
[BlackElo "1658"]
[PlyCount "52"]
[EventDate "2012.04.06"]
[EventType "swiss"]
[EventRounds "6"]
[EventCountry "NED"]
[SourceTitle "EXT 2013"]
[Source "ChessBase"]
[SourceDate "2012.11.22"]
[SourceVersion "1"]
[SourceVersionDate "2012.11.22"]
[SourceQuality "1"]

1. e4 c5 2. c3 d5 3. exd5 Qxd5 4. d4 Nc6 5. Nf3 Bg4 6. Be2 Nf6 7. c4 Qd7 8. d5 Bxf3 9. Bxf3 Ne5 10. b3 Nxf3+ 11. Qxf3 e6 12. dxe6 Qxe6+ 13. Qe3 Qxe3+ 14. Bxe3 Bd6 15. Na3 a6 16. 0-0-0 0-0-0 17. h3 Rhe8 18. Nc2 Ne4 19. Rd3 Be7 20. Rhd1 b6 21. f3 Nf6 22. Rxd8+ Rxd8 23. Rxd8+ Kxd8 24. Kd2 Kd7 25. Kd3 Ke6 26. Bf4 Bd6 1/2-1/2